000 00825nam a2200265Ia 4500
005 20220317000247.0
008 141031s9999 ck 000 0 spa d
020 _a9788483101186
082 0 4 _a843.91
_bC42p
100 1 _aLe Clézio, Jean-Marie Gustave,
_d1940-
245 1 3 _aEl pez dorado
_cJ.M.G. le Cléizo ; traducción de Mercedes Corral
250 _a2a edición
300 _a231 páginas
_c21 cm.
490 _aColección Andanzas
534 _tPoisson d'or
650 1 4 _2LEMB
_aMujeres
_vNovela
650 1 4 _2LEMB
_aNovela francesa
_ySiglo XX
700 1 _aCorral, Mercedes
_etraductor
_914486
942 _2ddc
_cBKLIT
264 _aBarcelona
_bTusquets
_c2008
336 _atexto
_btxt
_2rdacontent
337 _asin mediación
_bn
_2rdamedia
338 _avolumen
_bnc
_2rdacarrier
040 _aCO-BoRNBP
_bspa
_erda
_cCO-BoRNBP
999 _c3546
_d3546